000 01079cam a22002771 4500
001 sa 68011847
003 DLC
005 20260227112605.0
008 860317q19501959io c d 000 0 ind
010 _asa 68011847
035 _a(OCoLC)13302487
040 _aDLC
_cCU
_dDLC
041 0 _aindlat
042 _apremarc
050 0 0 _aQK9
_b.L28
100 1 _aLatif, S. M.
245 1 0 _aNomenklatur anggerik merangkap siklopedia penghimpun-penghimpun dibidang botani umumnja dibidang orchidologi chususnja terutama dalam wilajah Asia Tenggara.
_cSusunan S.M. Latif.
260 _aDjakarta,
_bSaksama,
_c[195-?]
300 _a179 p. (p. 177-179 advertisements)
_bports.
_c22 cm.
500 _aAt head of title: Perusateraan biologi.
500 _aCover title: Tafsir nomenklatur anggerik dan siklopedia penghimpun-penghimpun anggerik di Asia Tenggara.
650 0 _aBotany
_xDictionaries
_xLatin.
650 0 _aLatin language
_xDictionaries
_xIndonesian.
740 0 _aSiklopedia penghimpun-penghimkpun anggerik di Asia Tenggara.
740 0 _aTafsir nomencklatur anggerik.
999 _c84146
_d84146